000
00302nam a22001337a 4500
008
190305b xxu||||| |||| 00| 0 eng d
020
_a
0697066525
041
_a
eng
080
_a
159.9
100
_a
49
101
_a
PSI
245
_a
Counseling American Minorities
_c
Atkinson, D.R
942
_2
udc
_c
BK
999
_c
54517
_d
54517